Statistics for Name that One Direction song

Click here to take the quiz!

General Stats

  • This quiz has been taken 157 times
  • The average score is 11 of 15

Answer Stats

Lyrics Answer % Correct
You can't go to bed without a cup of teaLittle Things
98%
If you like having secret little rendezvousPerfect
89%
To prove I'm right I put in a so-o-ongWhat Makes You Beautiful
89%
Yeah we'll keep doing what we do, just pretending that we're coolLive While We're Young
83%
The sun doesn't shine, the world doesn't turn, alright... alrightSteal My Girl
82%
But babe running after you is like chasing the cloudsStory Of My Life
80%
Five foot something with the skinny jeans, don't look back baby follow meMidnight Memories
79%
Now I'm climbing the walls, but you don't notice at allOne Thing
77%
I can't contain this anymore, I'm all yoursNo Control
77%
Who's that shadow holding me a hostageStockholm Syndrome
72%
Good shampagne and private planes, but we don't need anythingHistory
72%
If I didn't have you there would be nothing leftDrag Me Down
67%
Let me be the one to, light a fire inside those eyesDiana
55%
There's a lightning in your eyes I can't denyReady To Run
52%
Some day you gonna see the things that I see, you gonna want the air that I breathClouds
48%

Score Distribution

Percentile by Number Answered

Percent of People with Each Score

Your Score History

You have not taken this quiz